|
|
|
|
| LEADER |
01249nam a2200337 a 4500 |
| 001 |
000485247 |
| 003 |
CZ BrMZK |
| 005 |
20080602125113.0 |
| 007 |
ta |
| 008 |
000115s2000 xr e p cze d |
| 015 |
|
|
|a cnb000971389
|
| 020 |
|
|
|a 80-7194-258-8
|
| 035 |
|
|
|a (OCoLC)45372992
|
| 040 |
|
|
|a BOA001
|b cze
|
| 072 |
|
7 |
|a 336.1/.5
|x Veřejné finance
|2 Konspekt
|9 4
|
| 072 |
|
7 |
|a 37.016
|x Učební osnovy. Vyučovací předměty. Učebnice
|2 Konspekt
|9 22
|
| 080 |
|
|
|a 336.13
|2 MRF
|
| 080 |
|
|
|a (075.8)
|2 MRF
|
| 100 |
1 |
|
|a Pilný, Jaroslav,
|d 1932-2021
|7 jn20001005711
|4 aut
|
| 245 |
1 |
0 |
|a Ekonomika veřejného sektoru /
|c Jaroslav Pilný, Josef Pešta
|
| 250 |
|
|
|a Vyd. 1.
|
| 260 |
|
|
|a Pardubice :
|b Univerzita Pardubice,
|c 2000
|
| 300 |
|
|
|a 220 s. ;
|c 29 cm
|
| 500 |
|
|
|a Určeno pro posl. chemicko-technol. a doprav. fak. - Bibliogr.
|
| 650 |
0 |
7 |
|a ekonomika veřejného sektoru
|7 ph136845
|2 czenas
|
| 655 |
|
7 |
|a učebnice vysokých škol
|7 fd133772
|2 czenas
|
| 700 |
1 |
|
|a Pešta, Josef
|7 jn20001005712
|4 aut
|
| 710 |
2 |
|
|a Univerzita Pardubice.
|b Ekonomicko-správní fakulta
|7 kn20010709381
|
| 910 |
|
|
|a BOA001
|b 4-1074.392
|
| 990 |
|
|
|a BK
|
| 996 |
6 |
|
|b 2610117307
|c 4-1074.392
|l MZK
|r Sklad / do 1 hodiny
|n 3
|p p.v.
|w 000485247
|u 000010
|a 1
|e BOA001
|j MZK50
|s P
|